Színpompás felvonulás és nagygyűlés Szegeden

Elmentve itt :
Bibliográfiai részletek
Szerző: Somogyi Károlyné
Dokumentumtípus: Cikk
Megjelent: 1980-05-04
Sorozat:Délmagyarország 70 No. 102
Kulcsszavak:Havasi Ferenc, hazai politikusok látogatásai
Online Access:http://dmarchiv.bibl.u-szeged.hu/94580
LEADER 00513nab a2200157 i 4500
001 delm94580
005 20190606122751.0
008 190606s1980 hu o 0|| hun d
040 |a SZTE Délmagyarország Archívum  |b hun 
041 |a hun 
100 1 |a Somogyi Károlyné 
245 1 0 |a Színpompás felvonulás és nagygyűlés Szegeden  |h [elektronikus dokumentum] /  |c  Somogyi Károlyné 
260 |c 1980-05-04 
300 |a 1, 3 
490 0 |a Délmagyarország  |v 70 No. 102 
695 |a Havasi Ferenc, hazai politikusok látogatásai